Villes de Ligue 2 sur une carte - Map Quiz - Statistiques

Statistiques générales
  • Ce quiz a été pris 410 fois
    316 depuis la dernière actualisation
  • Le résultat moyen est 13 sur 18
Réponses sur la Carte
Les réponses sont colorées sur une échelle allant du rouge au vert en fonction du pourcentage des utilisateurs qui les ont devinées à leur premier essai. Vous pouvez retrouver ces pourcentages ci-dessous.
 
Statistiques - réponses
Réponse % Correct
Dunkerque
84%
Ajaccio
82%
Bastia
78%
Pau
78%
Metz
77%
Paris
76%
Caen
71%
Clermont
71%
Grenoble
71%
Martigues
71%
Amiens
69%
Lorient
65%
Annecy
64%
Troyes
64%
Rodez
63%
Guingamp
59%
Laval
56%
Saint-Ouen-sur-Seine
55%
Aucun quiz correspondant
Distribution des résultats
% des personnes avec chaque résultat
Percentile par nombre de réponses
Votre historique - résultats
Vous n’avez pas pris ce quiz depuis la dernière actualisation